000 01440nam0a2200325 4500
001 RU\NLR\BIBL_A\022668698
005 20260408201518.0
010 _a978-5-907677-92-0
035 _a(NLR Aleph) 022668698
090 _a13467998
_c13467998
100 _a20251119d2025 e y0rusy50 ca
101 0 _arus
_audm
102 _aRU
105 _ay z 000 y
181 0 _ai
_baxxe
182 0 _an
200 1 _aДасяськиськом экзаменлы. Удмурт кыл.
_e9-тӥ класс
_eучебной пособие
_fК. Г. Костина
203 _aТекст
_bвизуальный
_cнепосредственный
210 _aИжевск
_cШелест
_d2025
215 _a66 с.
_cтабл.
_d20
300 _aТекст на рус. и удмурт. яз.
541 1 _aГотовимся к экзамену. Родной (удмуртский) язык.
_e9 кл.
_eв авторской редакции
_eучебное пособие
_zrus
606 1 _aУдмуртский язык
_jУчебные издания для средней школы
_91830599
_3RU\NLR\AUTH\661119818
606 _aУдмуртский язык
_xПреподавание
_xСредняя школа
_3RU\NLR\AUTH\661470247
_92476097
686 1 _aШ166.41-922.1(2)
686 1 _aЧ426.153Удм2(2)-285,0
700 1 _aКостина
_bК. Г.
_gКсенья Георгиевна
_4070
942 _cBOOK
980 _aNB